000 01135 a2200181 4500
003 NUST
005 20221123170243.0
020 _a8129701332
040 _cNust
082 _a519.5,SHA
100 _aSharma J. K
_9102409
245 _aBusiness statistics /
_cJ.K Sharma
260 _aNew Delhi
_bPearson
_c2004
300 _axvi 783:p.:
505 _aStatistics An Overview (Page-1), Data Classification Tabulation and Presentation (Page-27), Measure of Central Tendency (Page-86), Measures of Dispersion (Page-143), Skewness, Moments and Kurtosis (Page-184), Fundamental of Probability (Page-210), Probability Distributions (Page-251), Sampling and Sampling Distributions (Page-297), Estimation and Confidence Intervals (Page-322), Hypothesis Testing (Page-345), CHI-Square Test (Page-397), Analysis of Variance (Page-431), Correlation Analysis (Page-460), Regression (Page-497), Partial and Multiple Correlation (Page-532), Forecasting and Time Series (Page-557), Index Numbers (Page-618), Statistical Quality Control (Page-682), Statistical Decision Theory (Page-724).
650 _aStatistics
_969
942 _2ddc
_cBK
_k519.5,SHA
999 _c184822
_d184822